000 00432cam a22001337a 4500
008 180718b1948 xxu||||| |||| 00| 0 eng d
082 _aT421x54 R137
100 _aRaj, K.N.
245 _aThe monetary policy of the reserve bank of India
_cby K.N. Raj
260 _aBombay
_bNational Information and Publications Ltd.
_c1948
300 _aiii, 177p.
650 _aBanks and banking, Central --India.
650 _aReserve Bank of India
999 _c434621
_d434621